[Event "RA March op U1900"]
[Site "Ottawa CAN"]
[Date "2018.03.03"]
[Round "3"]
[White "Peters, Romy"]
[Black "Laurin, Marcel"]
[Result "1/2-1/2"]
[WhiteElo "1662"]
[BlackElo "1715"]
[PlyCount "135"]
[EventDate "2018.03.02"]
[EventType "swiss"]
[EventRounds "5"]
[EventCountry "CAN"]

1. d4 d5 2. Nf3 Nc6 3. e3 g6 4. Nc3 Bg7 5. b3 Nf6 6. Bb2 a6 7. Be2 e6 8. O-O b5
9. a3 h5 10. Bd3 Ng4 11. h3 Bb7 12. Ne2 Qf6 13. c4 dxc4 14. bxc4 Ne7 15. Ng3
Nf5 16. Ne4 Bxe4 17. Bxe4 Ngxe3 18. fxe3 Nxe3 19. Qe2 Nxf1 20. Bxa8 O-O 21. Bb7
bxc4 22. Qxf1 Rb8 23. Ne5 Qxf1+ 24. Kxf1 Rxb7 25. Nxc4 c5 26. Rd1 cxd4 27. Ke1
e5 28. g4 hxg4 29. hxg4 Rb3 30. g5 f5 31. gxf6 Bxf6 32. Ke2 Kg7 33. Rd3 Rb8 34.
Rh3 e4 35. Bc1 d3+ 36. Kd1 Rb1 37. Nd2 Ra1 38. Nb3 Ra2 39. Re3 Bg5 40. Rxe4
Bxc1 41. Nxc1 Rxa3 42. Rd4 Ra1 43. Rxd3 Ra5 44. Nb3 Ra2 45. Rd5 Kf6 46. Nd2 Ke6
47. Rc5 Ra4 48. Ke2 Rd4 49. Ra5 Rd6 50. Ne4 Rb6 51. Nc5+ Kd6 52. Ne4+ Kc7 53.
Kf3 Kb7 54. Rg5 Rc6 55. Nc5+ Kb6 56. Nd7+ Kc7 57. Nf8 Rf6+ 58. Ke3 Rxf8 59.
Rxg6 Ra8 60. Kd3 a5 61. Kc4 Rb8 62. Kc5 a4 63. Rg7+ Kd8 64. Kc6 Rb3 65. Kd6
Rd3+ 66. Kc5 a3 67. Ra7 Rb3 68. Kc4 1/2-1/2

[Event "RA Winter op"]
[Site "Ottawa CAN"]
[Date "2018.01.19"]
[Round "1"]
[White "Demchenko, Svitlana"]
[Black "Xu, Daniel"]
[Result "1-0"]
[WhiteElo "2260"]
[BlackElo "1921"]
[PlyCount "41"]
[EventDate "2018.01.19"]
[EventType "swiss"]
[EventRounds "5"]
[EventCountry "CAN"]

1. e4 e5 2. Nf3 Nc6 3. d4 exd4 4. Nxd4 Bc5 5. Be3 Nxd4 6. Bxd4 Bxd4 7. Qxd4 Qf6
8. e5 Qb6 9. Qc3 Ne7 10. Bc4 O-O 11. O-O d5 12. exd6 Qxd6 13. Na3 c6 14. Rad1
Qc7 15. Nb5 Qb6 16. Nd6 Bg4 17. Rd4 Bh5 18. Re1 c5 19. Rd3 Nc8 20. Rg3 Bg6 21.
Ne8 1-0

[Event "RA Winter op"]
[Site "Ottawa CAN"]
[Date "2018.01.20"]
[Round "1"]
[White "Doubleday, William"]
[Black "Gordon, David"]
[Result "1/2-1/2"]
[WhiteElo "2014"]
[BlackElo "2292"]
[PlyCount "117"]
[EventDate "2018.01.19"]
[EventType "swiss"]
[EventRounds "5"]
[EventCountry "CAN"]

1. d4 d5 2. c4 e6 3. Nc3 Nf6 4. Nf3 Be7 5. Bf4 O-O 6. e3 c5 7. Be2 Nc6 8. O-O
dxc4 9. Bxc4 cxd4 10. exd4 Qb6 11. a3 a6 12. Qb3 Qxb3 13. Bxb3 Bd7 14. d5 exd5
15. Nxd5 Nxd5 16. Bxd5 Bf6 17. Bg5 Bxb2 18. Rab1 Bxa3 19. Rxb7 Be8 20. Ra1 Bd6
21. Rb6 Rc8 22. Raxa6 Nb4 23. Rxd6 Nxa6 24. Rxa6 Rc5 25. Rd6 Ba4 26. h3 h6 27.
Be3 Rc3 28. Ne5 Bb3 29. Bd2 Rc5 30. Bxb3 Rxe5 31. Rd7 Rf5 32. Rb7 Rc8 33. g4
Rf6 34. Kg2 Re8 35. Kg3 Rd8 36. Be3 g5 37. Bc2 Rc6 38. Bf5 Kg7 39. h4 gxh4+ 40.
Kxh4 Rd1 41. Kg3 Ra6 42. Rd7 Rxd7 43. Bxd7 Rd6 44. Bf5 Rd1 45. f4 Rd5 46. Be4
Rd8 47. Kf3 Rd7 48. Bc1 Rd1 49. Bb2+ Kg8 50. Be5 Rg1 51. Bd3 Re1 52. Bf6 Rg1
53. Bc4 Rc1 54. Bd5 Re1 55. g5 hxg5 56. fxg5 Rd1 57. Bc4 Rc1 58. Bb3 Kf8 59.
Ke4 1/2-1/2

[Event "RA Winter op"]
[Site "Ottawa CAN"]
[Date "2018.01.19"]
[Round "1"]
[White "Sambuev, Bator"]
[Black "Kellar, Ben"]
[Result "1-0"]
[WhiteElo "2624"]
[BlackElo "2092"]
[PlyCount "63"]
[EventDate "2018.01.19"]
[EventType "swiss"]
[EventRounds "5"]
[EventCountry "CAN"]

1. d4 d5 2. c4 c6 3. Nf3 Nf6 4. e3 Bf5 5. Nc3 e6 6. Nh4 Bg6 7. Nxg6 hxg6 8. g3
Nbd7 9. Bg2 Be7 10. O-O O-O 11. Qe2 dxc4 12. Qxc4 Nb6 13. Qe2 Qd6 14. Rd1 Rad8
15. e4 Qb4 16. a3 Qa5 17. Be3 Rd7 18. Bf3 Na4 19. Rac1 Rfd8 20. b4 Nxc3 21.
Rxc3 Qa4 22. Rb1 a5 23. b5 cxb5 24. Qxb5 Qxb5 25. Rxb5 Ra8 26. a4 Bb4 27. Rc4
Rad8 28. Kf1 Kf8 29. Ke2 Ke8 30. h4 Ng8 31. e5 Rb8 32. Bc6 1-0

[Event "RA Winter op"]
[Site "Ottawa CAN"]
[Date "2018.01.20"]
[Round "2"]
[White "Dukic, Zachary"]
[Black "Sambuev, Bator"]
[Result "1/2-1/2"]
[WhiteElo "2228"]
[BlackElo "2614"]
[PlyCount "99"]
[EventDate "2018.01.19"]
[EventType "swiss"]
[EventRounds "5"]
[EventCountry "CAN"]

1. e4 e6 2. d4 d5 3. Nc3 Nf6 4. e5 Nfd7 5. f4 c5 6. Nf3 b6 7. Be3 Be7 8. Qd2
Nc6 9. Nd1 cxd4 10. Nxd4 Bb7 11. c3 O-O 12. Be2 Nc5 13. Nf2 Nxd4 14. cxd4 Ne4
15. Nxe4 dxe4 16. O-O Rc8 17. Rac1 Qd5 18. a3 f5 19. Rxc8 Rxc8 20. Rc1 Rc6 21.
Kf2 Kf7 22. g4 fxg4 23. Bxg4 g6 24. Rxc6 Bxc6 25. Be2 Bd8 26. Qc3 Qd7 27. Ke1
b5 28. Kd2 Bb6 29. Kc2 Bd5 30. Qb4 Bc6 31. Qc3 Ke8 32. Bf1 Kd8 33. Be2 Qc7 34.
Kb1 Kc8 35. Qb4 Qd7 36. h4 h5 37. Qf8+ Kb7 38. Qg8 Bxd4 39. Bxd4 Qxd4 40. Qxg6
e3 41. Qf7+ Kb6 42. Qxe6 Qxf4 43. Qf6 Qe4+ 44. Kc1 Qd4 45. Qd6 Qxh4 46. Qb8+
Ka6 47. Qc8+ Kb6 48. Qb8+ Bb7 49. Qd6+ Bc6 50. Qb8+ 1/2-1/2

[Event "RA Winter op"]
[Site "Ottawa CAN"]
[Date "2018.01.20"]
[Round "2"]
[White "Miller, Rachel"]
[Black "Demchenko, Svitlana"]
[Result "0-1"]
[WhiteElo "2178"]
[BlackElo "2260"]
[PlyCount "152"]
[EventDate "2018.01.19"]
[EventType "swiss"]
[EventRounds "5"]
[EventCountry "CAN"]

1. e4 c5 2. Nc3 Nc6 3. f4 e6 4. Nf3 Be7 5. Bb5 d5 6. Bxc6+ bxc6 7. e5 Nh6 8. d3
Nf5 9. O-O h5 10. Qe2 Ba6 11. b3 Qa5 12. Bd2 Qc7 13. Na4 Bb5 14. Nb2 O-O 15. c4
Ba6 16. Na4 d4 17. Bc1 f6 18. exf6 Rxf6 19. Ng5 Bd6 20. Qxh5 Rh6 21. Qf3 Ne3
22. Bxe3 dxe3 23. Ne4 e2 24. Rf2 Be5 25. Re1 Bd4 26. Naxc5 Qa5 27. Qxe2 Bxc5
28. Nxc5 Qxc5 29. Qe4 Rd8 30. Re3 Bb7 31. Rfe2 Qb4 32. Qe5 Qb6 33. Kf1 c5 34.
Rg3 Rd7 35. f5 Rf7 36. Kg1 Rhf6 37. Rf2 exf5 38. Rf4 Re6 39. Qc3 Qc7 40. Qd2
Qe5 41. Rf2 f4 42. Rh3 Qd4 43. Rh4 g5 44. Rg4 Rf5 45. h3 Kf7 46. h4 Qa1+ 47.
Rf1 Qd4+ 48. Rf2 gxh4 49. Rgxf4 Rxf4 50. Qxf4+ Rf6 51. Qxd4 cxd4 52. Re2 Rg6
53. Kh2 Rg3 54. Rd2 Kf6 55. b4 Ke5 56. a4 Kf4 57. c5 Ke3 58. Ra2 Bd5 59. Rb2
Kxd3 60. b5 Kc3 61. Rf2 d3 62. c6 Rg8 63. c7 Rc8 64. Rf5 Be4 65. Rc5+ Kd4 66.
Rc1 d2 67. Rd1 Kd3 68. a5 Rxc7 69. b6 axb6 70. axb6 Rc1 71. b7 Bxb7 72. g3 Rxd1
73. gxh4 Rh1+ 74. Kg3 d1=Q 75. Kf4 Qh5 76. Kg3 Qxh4# 0-1

[Event "RA Winter op"]
[Site "Ottawa CAN"]
[Date "2018.01.20"]
[Round "2"]
[White "Yao, Sammy"]
[Black "Doubleday, William"]
[Result "1-0"]
[WhiteElo "2090"]
[BlackElo "2014"]
[PlyCount "71"]
[EventDate "2018.01.19"]
[EventType "swiss"]
[EventRounds "5"]
[EventCountry "CAN"]

1. c4 e6 2. g3 d5 3. Bg2 dxc4 4. Qa4+ Nd7 5. Nf3 a6 6. Qxc4 c5 7. O-O Ngf6 8.
d4 b5 9. Qc2 Bb7 10. dxc5 Bxc5 11. Nc3 O-O 12. a3 Rc8 13. Rd1 Qe7 14. e4 Bb6
15. Qe2 Ng4 16. Nd4 Nge5 17. Nc2 Rfd8 18. Be3 Nc4 19. Bxb6 Ndxb6 20. Nd4 g6 21.
e5 Nd5 22. Nxd5 Bxd5 23. a4 Bxg2 24. Kxg2 Rd5 25. f4 Qb7 26. Kh3 Rcd8 27. Nf3
Ne3 28. Rxd5 Nxd5 29. axb5 axb5 30. Qf2 Ra8 31. Rxa8+ Qxa8 32. Ng5 b4 33. Ne4
Kg7 34. Nd6 Qb8 35. Qc5 Qc7 36. Ne8+ 1-0

[Event "RA Winter op"]
[Site "Ottawa CAN"]
[Date "2018.01.20"]
[Round "3"]
[White "Demchenko, Svitlana"]
[Black "Sambuev, Bator"]
[Result "0-1"]
[WhiteElo "2260"]
[BlackElo "2624"]
[PlyCount "118"]
[EventDate "2018.01.19"]
[EventType "swiss"]
[EventRounds "5"]
[EventCountry "CAN"]

1. d4 f5 2. Nf3 g6 3. Bf4 Bg7 4. e3 Nf6 5. c4 O-O 6. Nc3 d6 7. h3 Qe8 8. Be2 c6
9. O-O h6 10. Bh2 Be6 11. b4 Nbd7 12. Rb1 Rd8 13. Qa4 a6 14. c5 Ne4 15. Nxe4
fxe4 16. Ne1 d5 17. Qb3 Bf7 18. Nc2 e5 19. a4 Be6 20. b5 axb5 21. axb5 exd4 22.
exd4 Rf7 23. Rfd1 Nf8 24. bxc6 bxc6 25. Qb6 Bd7 26. Ba6 Ra8 27. Bb7 Ra2 28. Qb3
Rxc2 29. Qxc2 e3 30. fxe3 Qxe3+ 31. Kh1 Bf5 32. Qc1 Qe6 33. Rb2 Be4 34. Ba6
Qxh3 35. Bd3 Qh5 36. Bxe4 dxe4 37. Rf1 Rd7 38. Qc4+ Kh7 39. Qe2 Qd5 40. Rd2 Ne6
41. Bd6 h5 42. Re1 Ng5 43. Bf4 Bh6 44. Rdd1 Re7 45. Qe3 Nf7 46. Rf1 Bg7 47. Rf2
Nh6 48. Bxh6 Bxh6 49. Qg3 e3 50. Re2 Qc4 51. Qd6 Rf7 52. Rde1 Bg5 53. Qxc6 Qxd4
54. Qd6 Qg4 55. Rxe3 Bxe3 56. Rxe3 Rf1+ 57. Kh2 Qh4+ 58. Rh3 Qe1 59. Qd7+ Kh6
0-1

[Event "RA Winter op"]
[Site "Ottawa CAN"]
[Date "2018.01.20"]
[Round "3"]
[White "Dukic, Zachary"]
[Black "Sadeghi, Saeid"]
[Result "1-0"]
[WhiteElo "2228"]
[BlackElo "2066"]
[PlyCount "55"]
[EventDate "2018.01.19"]
[EventType "swiss"]
[EventRounds "5"]
[EventCountry "CAN"]

1. e4 c6 2. d4 d5 3. Nd2 dxe4 4. Nxe4 Bf5 5. Ng3 Bg6 6. h4 h6 7. Nf3 Nd7 8. h5
Bh7 9. Bd3 Bxd3 10. Qxd3 e6 11. Bd2 Ngf6 12. O-O-O Qc7 13. Ne4 Nxe4 14. Qxe4
Nf6 15. Qe2 O-O-O 16. g3 Bd6 17. c4 c5 18. Bc3 Kb8 19. Kb1 Rhe8 20. dxc5 Qxc5
21. Nd4 Rc8 22. Nb5 Bf8 23. Bd4 Qf5+ 24. Ka1 b6 25. Be5+ Kb7 26. Bxf6 Qxf6 27.
Rd7+ Kb8 28. Qe4 1-0

[Event "RA Winter op"]
[Site "Ottawa CAN"]
[Date "2018.01.20"]
[Round "3"]
[White "Gordon, David"]
[Black "Yao, Sammy"]
[Result "0-1"]
[WhiteElo "2292"]
[BlackElo "2090"]
[PlyCount "160"]
[EventDate "2018.01.19"]
[EventType "swiss"]
[EventRounds "5"]
[EventCountry "CAN"]

1. d4 f5 2. Qd3 d5 3. Bg5 Nf6 4. Bxf6 exf6 5. g3 Nc6 6. Bg2 Be6 7. e3 Qd7 8.
Ne2 O-O-O 9. Nd2 Kb8 10. a3 g5 11. b4 h5 12. h4 Ne7 13. Nb3 b6 14. a4 Nc8 15.
c3 Bd6 16. f4 gxf4 17. gxf4 Rhg8 18. Bf3 Bf7 19. Kf2 Be7 20. Qa6 Nd6 21. Nc5
Qc8 22. Qxc8+ Kxc8 23. Nd3 Ne4+ 24. Ke1 Rg7 25. a5 Kb7 26. Nf2 Rdg8 27. axb6
axb6 28. Bxe4 fxe4 29. Kd2 Rg2 30. Nh3 Be6 31. f5 Bf7 32. Nhf4 Rf2 33. Rhg1
Rxg1 34. Rxg1 Bf8 35. Rg2 Rf1 36. Rg1 Rxg1 37. Nxg1 Bd6 38. Nge2 Kc8 39. Ng6
Kd7 40. Nef4 Bxf4 41. Nxf4 Kd6 42. Kc2 b5 43. Kd2 c6 44. Ke1 Ke7 45. Kf2 Kf8
46. Kg3 Ke7 47. Ne2 Kd6 48. Kf4 Ke7 49. Nc1 Kd6 50. Nb3 Kc7 51. Na5 Kb6 52. Kg3
Kc7 53. Kf4 Kb6 54. Nb3 Kc7 55. Nc5 Kd6 56. Kg3 Bg8 57. Nb3 Bf7 58. Nd2 Ke7 59.
Kf4 Kd6 60. Nf1 Ke7 61. Ng3 Kd6 62. Nxe4+ dxe4 63. Kxe4 Ba2 64. Kd3 Bb1+ 65.
Ke2 Bxf5 66. Kf3 Kd5 67. Kf4 Bg6 68. Kf3 Kc4 69. e4 Kxc3 70. e5 fxe5 71. dxe5
Kxb4 72. Kf4 c5 73. Kg5 Be8 74. e6 c4 75. Kf6 c3 76. Ke7 Bc6 77. Kd6 c2 78.
Kxc6 c1=Q+ 79. Kd7 Qd2+ 80. Ke8 Kc5 0-1

[Event "RA Winter op"]
[Site "Ottawa CAN"]
[Date "2018.01.21"]
[Round "4"]
[White "Demchenko, Svitlana"]
[Black "Dukic, Zachary"]
[Result "1/2-1/2"]
[WhiteElo "2260"]
[BlackElo "2228"]
[PlyCount "56"]
[EventDate "2018.01.19"]
[EventType "swiss"]
[EventRounds "5"]
[EventCountry "CAN"]

1. e4 e5 2. Nf3 Nc6 3. Bc4 Bc5 4. c3 Nf6 5. d3 a6 6. Bb3 Ba7 7. O-O d6 8. Nbd2
O-O 9. h3 Ne7 10. Re1 Ng6 11. Nf1 Nh5 12. d4 Nhf4 13. Bxf4 exf4 14. Qd3 Be6 15.
Bc2 d5 16. N1d2 c5 17. exd5 Bxd5 18. Bb3 cxd4 19. Nxd4 Nh4 20. N2f3 Bxf3 21.
Bc2 g6 22. Nxf3 Qxd3 23. Bxd3 Nxf3+ 24. gxf3 Rfe8 25. Be4 Re7 26. Kf1 Kg7 27.
Rad1 Rc8 28. Bd5 Rxe1+ 1/2-1/2

[Event "RA Winter op"]
[Site "Ottawa CAN"]
[Date "2018.01.21"]
[Round "5"]
[White "Kellar, Ben"]
[Black "Demchenko, Svitlana"]
[Result "0-1"]
[WhiteElo "2092"]
[BlackElo "2260"]
[PlyCount "54"]
[EventDate "2018.01.19"]
[EventType "swiss"]
[EventRounds "5"]
[EventCountry "CAN"]

1. c4 g6 2. g3 Bg7 3. Bg2 d6 4. Nc3 e5 5. Nf3 f5 6. d3 Nf6 7. O-O O-O 8. Rb1
Nc6 9. b4 h6 10. b5 Ne7 11. a4 Be6 12. a5 Rc8 13. Nd2 b6 14. Nb3 g5 15. e3 Ng6
16. f4 exf4 17. Nd4 Bd7 18. gxf4 gxf4 19. Nd5 Ng4 20. Nxf4 Nxf4 21. Rxf4 Be5
22. Nxf5 Bxf5 23. Rxf5 Bxh2+ 24. Kh1 Qh4 25. Bd5+ Kg7 26. Rf3 Nf2+ 27. Rxf2
Rxf2 0-1

[Event "RA Winter op"]
[Site "Ottawa CAN"]
[Date "2018.01.21"]
[Round "5"]
[White "Miller, Rachel"]
[Black "Sambuev, Bator"]
[Result "0-1"]
[WhiteElo "2178"]
[BlackElo "2624"]
[PlyCount "110"]
[EventDate "2018.01.19"]
[EventType "swiss"]
[EventRounds "5"]
[EventCountry "CAN"]

1. e4 Nf6 2. e5 Nd5 3. d4 d6 4. c4 Nb6 5. exd6 cxd6 6. Nf3 g6 7. Be2 Bg7 8. O-O
O-O 9. h3 Bf5 10. Nc3 Nc6 11. Be3 d5 12. c5 Nc4 13. Qb3 b6 14. cxb6 Nxb6 15.
Qb5 Bd7 16. Qc5 e6 17. Bf4 Rc8 18. Ba6 Nxd4 19. Bxc8 Nxf3+ 20. gxf3 Bxc8 21.
Bd6 Qg5+ 22. Kh2 Rd8 23. f4 Qh4 24. Be5 Nd7 25. Qe3 Nxe5 26. fxe5 Bh6 27. Qf3
Bf4+ 28. Kh1 Bxe5 29. Rae1 Bb8 30. Qg4 Qf6 31. Rd1 Bb7 32. Rd4 h5 33. Qd1 a5
34. Ne4 Qh4 35. Kg2 Be5 36. Nc5 Bxd4 37. Nxb7 Rb8 38. Nxa5 Rxb2 39. Nc6 Rxf2+
40. Rxf2 Qxf2+ 41. Kh1 Bf6 42. a4 Qc5 43. Nb8 Qd6 44. Qb3 d4 45. a5 d3 46. a6
d2 47. Qd1 Qd5+ 48. Kg1 Bd4+ 49. Kf1 Qc4+ 50. Kg2 Qc1 51. a7 Bxa7 52. Qa4 Qg1+
53. Kf3 Qe3+ 54. Kg2 Qf2+ 55. Kh1 Qg1# 0-1

[Event "RA Winter op"]
[Site "Ottawa CAN"]
[Date "2018.01.21"]
[Round "5"]
[White "Yao, Sammy"]
[Black "Villeneuve, Robert"]
[Result "1/2-1/2"]
[WhiteElo "2090"]
[BlackElo "2080"]
[PlyCount "66"]
[EventDate "2018.01.19"]
[EventType "swiss"]
[EventRounds "5"]
[EventCountry "CAN"]

1. c4 g6 2. g3 Bg7 3. Bg2 Nf6 4. Nc3 O-O 5. e4 d6 6. Nge2 c5 7. d3 Nc6 8. O-O
Ne8 9. Be3 Nc7 10. f4 Ne6 11. Qd2 Ned4 12. Nb5 Nxe2+ 13. Qxe2 a6 14. Nc3 Nd4
15. Qd2 Rb8 16. Ne2 Nc6 17. Rab1 Bd7 18. a3 b5 19. b4 Nd4 20. bxc5 dxc5 21. e5
Be6 22. cxb5 axb5 23. Bxd4 cxd4 24. Rb4 Qa5 25. Qb2 Rfd8 26. Nxd4 Bd5 27. Bxd5
Rxd5 28. Nb3 Qa7+ 29. d4 e6 30. Nc5 Bf8 31. Rc1 Rxc5 32. Rxc5 Bxc5 33. dxc5
Qxc5+ 1/2-1/2

[Event "RA Winter op U1600"]
[Site "Ottawa CAN"]
[Date "2018.01.20"]
[Round "2"]
[White "St-Pierre, Paul"]
[Black "Ethier, Valori"]
[Result "1-0"]
[WhiteElo "1531"]
[BlackElo "1442"]
[PlyCount "75"]
[EventDate "2018.01.19"]
[EventType "swiss"]
[EventRounds "5"]
[EventCountry "CAN"]

1. d4 d5 2. c4 c6 3. Nc3 e5 4. e3 e4 5. Bd2 Nf6 6. f3 Bf5 7. cxd5 cxd5 8. Qb3
Qd7 9. Rc1 Nc6 10. Na4 Be7 11. Nc5 Bxc5 12. Rxc5 O-O 13. Qc3 Rfc8 14. Bb5 Rc7
15. Qa3 Rac8 16. f4 Qd6 17. Bxc6 bxc6 18. Ba5 Rb7 19. Ne2 Be6 20. O-O Nd7 21.
f5 Nxc5 22. dxc5 Qb8 23. fxe6 fxe6 24. Bc3 Rf8 25. Nd4 Rxf1+ 26. Kxf1 Rf7+ 27.
Kg1 Qf8 28. Qa6 Qxc5 29. Qc8+ Rf8 30. Qxe6+ Rf7 31. Nf5 h6 32. Bxg7 Qc1+ 33.
Kf2 Qd2+ 34. Kg3 Qe1+ 35. Kh3 Qe2 36. Qe8+ Kh7 37. Qh8+ Kg6 38. Nh4+ 1-0

[Event "RA Winter op U1600"]
[Site "Ottawa CAN"]
[Date "2018.01.21"]
[Round "4"]
[White "Sztuka, Jeremy"]
[Black "Ethier, Valori"]
[Result "0-1"]
[WhiteElo "1456"]
[BlackElo "1442"]
[PlyCount "44"]
[EventDate "2018.01.19"]
[EventType "swiss"]
[EventRounds "5"]
[EventCountry "CAN"]

1. b3 d5 2. Bb2 Nf6 3. e3 c5 4. Bb5+ Bd7 5. a4 a6 6. Bxd7+ Nbxd7 7. f4 g6 8.
Nf3 Bg7 9. O-O O-O 10. d3 Re8 11. Nbd2 Ng4 12. Bxg7 Nxe3 13. Qe1 Nxf1 14. Bh6
Nxd2 15. Ng5 Qb6 16. Qxd2 Qf6 17. Re1 e5 18. f5 Rac8 19. fxg6 Qxg6 20. Qf2 f6
21. Nxh7 Qxh6 22. Qg3+ Kxh7 0-1

[Event "RA Winter op U1600"]
[Site "Ottawa CAN"]
[Date "2018.01.21"]
[Round "5"]
[White "Ethier, Valori"]
[Black "Kimble, Jeremie"]
[Result "0-1"]
[WhiteElo "1442"]
[BlackElo "1061"]
[PlyCount "70"]
[EventDate "2018.01.19"]
[EventType "swiss"]
[EventRounds "5"]
[EventCountry "CAN"]

1. e4 c5 2. Nc3 Nc6 3. Nge2 d6 4. d3 Nf6 5. g3 e6 6. Bg2 Be7 7. O-O O-O 8. Be3
b6 9. e5 Nd5 10. Nxd5 exd5 11. Bxd5 Bb7 12. Bxc6 Bxc6 13. exd6 Qxd6 14. c4 Qf6
15. Nc3 Rad8 16. f4 Qd6 17. Nd5 Bxd5 18. cxd5 Qxd5 19. Rf2 Qxd3 20. Qd2 Qxd2
21. Bxd2 Bf6 22. Rb1 Bd4 23. Be1 Bxf2+ 24. Bxf2 Rfe8 25. Be1 f6 26. Bc3 Re2 27.
Rf1 b5 28. a3 b4 29. axb4 cxb4 30. Bxb4 Rxb2 31. Bc5 a5 32. Bb6 Rxb6 33. Rc1 a4
34. Rc4 Rb2 35. Rc1 a3 0-1

[Event "Rentree - Hull"]
[Site "Gatineau CAN"]
[Date "2018.09.18"]
[Round "2"]
[White "Danilov, Alex"]
[Black "Laurin, Jacques"]
[Result "1-0"]
[WhiteElo "1663"]
[BlackElo "1844"]
[PlyCount "79"]
[EventDate "2018.09.11"]
[EventType "swiss"]
[EventRounds "5"]
[EventCountry "CAN"]

1. Nf3 d6 2. c4 Nf6 3. Nc3 e5 4. g3 Nc6 5. Bg2 Bf5 6. d3 e4 7. Nh4 Be6 8. dxe4
Bxc4 9. e5 Ng4 10. Qa4 Ngxe5 11. f4 b5 12. Nxb5 d5 13. fxe5 Bb4+ 14. Nc3 Qd7
15. Bd2 O-O 16. O-O-O Qe6 17. Nxd5 Bxd5 18. Bxd5 Qxd5 19. Bxb4 Qc4+ 20. Qc2
Qxc2+ 21. Kxc2 Nxb4+ 22. Kb1 Rad8 23. Nf3 Rfe8 24. Rhf1 Nd5 25. Rd3 c6 26. Ng5
Rxe5 27. Nxf7 Rf8 28. Rdf3 Ree8 29. Ng5 Rxf3 30. exf3 Re2 31. Rc1 h6 32. Ne4
Nb4 33. Rd1 Rxh2 34. a3 Nd5 35. Rc1 Ne7 36. Rc5 Rh1+ 37. Kc2 Kf7 38. Ra5 Rh2+
39. Kb3 g5 40. a4 1-0

[Event "Rentree - Hull"]
[Site "Gatineau CAN"]
[Date "2018.09.18"]
[Round "2"]
[White "Villeneuve, Luc"]
[Black "Azar, Sebastien"]
[Result "0-1"]
[WhiteElo "1513"]
[BlackElo "1659"]
[PlyCount "74"]
[EventDate "2018.09.11"]
[EventType "swiss"]
[EventRounds "5"]
[EventCountry "CAN"]

1. f4 d5 2. Nf3 g6 3. Nc3 c5 4. e4 e6 5. Bb5+ Bd7 6. Bxd7+ Qxd7 7. Ne5 Qd8 8.
exd5 exd5 9. Qe2 Ne7 10. f5 Bg7 11. fxg6 hxg6 12. O-O Qd6 13. d4 cxd4 14. Bf4
dxc3 15. Nxf7 Bd4+ 16. Kh1 Qd7 17. Nd6+ Kd8 18. Nf7+ Kc8 19. bxc3 Bxc3 20. Nd6+
Kd8 21. Rab1 b6 22. Nf7+ Kc8 23. Rb3 Bg7 24. c4 Nbc6 25. cxd5 Qxd5 26. Qa6+ Kd7
27. Qb7+ Ke6 28. Ng5+ Kf5 29. Bc1+ Kg4 30. Rg3+ Kh5 31. Qc7 Be5 32. Rh3+ Kg4
33. Rf4+ Kxg5 34. Rd4+ Kf6 35. Bg5+ Ke6 36. Re3 Rxh2+ 37. Kg1 Qxg2# 0-1

[Event "Rentree - Hull"]
[Site "Gatineau CAN"]
[Date "2018.10.09"]
[Round "5"]
[White "Danilov, Alex"]
[Black "Laurin, Marcel"]
[Result "0-1"]
[WhiteElo "1663"]
[BlackElo "1612"]
[PlyCount "48"]
[EventDate "2018.09.11"]
[EventType "swiss"]
[EventRounds "5"]
[EventCountry "CAN"]

1. Nf3 Nc6 2. c4 e5 3. Nc3 Nf6 4. g3 Be7 5. Bg2 d6 6. e3 h6 7. d4 exd4 8. exd4
Bd7 9. O-O Qc8 10. Re1 Bg4 11. Nd5 Kf8 12. Nxe7 Nxe7 13. Qb3 Rb8 14. c5 Be6 15.
Qa3 dxc5 16. Qxc5 b6 17. Qa3 Nfd5 18. Ne5 Kg8 19. Bd2 f6 20. Bxd5 Bxd5 21. Nd3
Ng6 22. Nf4 Nxf4 23. gxf4 h5 24. Qg3 h4 0-1

[Event "Rentree - Hull"]
[Site "Gatineau CAN"]
[Date "2018.10.09"]
[Round "5"]
[White "Thibault, Mario"]
[Black "Azar, Sebastien"]
[Result "1/2-1/2"]
[WhiteElo "1841"]
[BlackElo "1659"]
[PlyCount "98"]
[EventDate "2018.09.11"]
[EventType "swiss"]
[EventRounds "5"]
[EventCountry "CAN"]

1. e4 d6 2. d4 g6 3. Nf3 Bg7 4. Nc3 Nc6 5. h3 e5 6. Bb5 Bd7 7. dxe5 Nxe5 8. O-O
Bxb5 9. Nxb5 Qd7 10. a4 a6 11. Nc3 Ne7 12. Bf4 Nxf3+ 13. Qxf3 O-O 14. Rfd1 Rad8
15. Rd3 Nc6 16. Nd5 f5 17. e5 Nxe5 18. Bxe5 Bxe5 19. c3 Kh8 20. Qd1 f4 21. Rf3
Rb8 22. Qd2 g5 23. Qd3 Rf7 24. Re1 Rg8 25. Rxe5 dxe5 26. Qe4 Qe6 27. Nb4 c6 28.
Nc2 Re7 29. Ne1 g4 30. hxg4 Qxg4 31. Qb4 Rd7 32. Qe4 Qg5 33. Rh3 Qg7 34. Qe2
Rgd8 35. Nd3 Re7 36. Qh5 Rf8 37. Rh4 f3 38. g3 e4 39. Nf4 Rf6 40. Qa5 Re8 41.
Nh5 e3 42. Nxg7 e2 43. Rxh7+ Kg8 44. Rh8+ Kxh8 45. Qh5+ Kxg7 46. Qxe8 Rd6 47.
Kh2 Rh6+ 48. Kg1 Rd6 49. Kh2 Rh6+ 1/2-1/2

[Event "Rentree - Hull (45/30)"]
[Site "Gatineau CAN"]
[Date "2018.09.25"]
[Round "3"]
[White "Lecorre, Joel"]
[Black "Vezina, Yannick"]
[Result "0-1"]
[WhiteElo "1521"]
[BlackElo "1515"]
[PlyCount "90"]
[EventDate "2018.09.11"]
[EventType "swiss"]
[EventRounds "5"]
[EventCountry "CAN"]

1. e4 e5 2. Bc4 Nc6 3. Nf3 Be7 4. c3 Nf6 5. d3 d5 6. exd5 Nxd5 7. Qe2 Nf4 8.
Bxf4 exf4 9. O-O O-O 10. d4 g5 11. Nbd2 Bf5 12. Rfe1 Bd6 13. Rad1 Kg7 14. Ne5
Re8 15. Nxc6 Rxe2 16. Nxd8 Rxe1+ 17. Rxe1 Rxd8 18. b4 c5 19. dxc5 Bxc5 20. Nb3
Bb6 21. Kf1 Rc8 22. Nd2 Rxc4 23. Nxc4 Bd3+ 24. Kg1 Bxc4 25. a4 h5 26. Re7 Kf6
27. Rxb7 g4 28. a5 Bd5 29. axb6 Bxb7 30. bxa7 Ke5 31. h3 f5 32. g3 fxg3 33.
fxg3 gxh3 34. Kh2 Bg2 35. b5 Kd6 36. b6 Kc5 37. b7 Bxb7 38. Kxh3 Bf3 39. Kh4
Kc4 40. a8=Q Bxa8 41. Kxh5 Bf3+ 42. Kg5 Bg4 43. Kf4 Kd3 44. c4 Kxc4 45. Ke3 Kc3
0-1

[Event "Rentree - Hull (45/30)"]
[Site "Gatineau CAN"]
[Date "2018.10.09"]
[Round "5"]
[White "Celac, Ekaterina"]
[Black "Vezina, Yannick"]
[Result "0-1"]
[WhiteElo "1222"]
[BlackElo "1515"]
[PlyCount "68"]
[EventDate "2018.09.11"]
[EventType "swiss"]
[EventRounds "5"]
[EventCountry "CAN"]

1. e4 e5 2. Nf3 Nc6 3. Nc3 Nf6 4. Bc4 Be7 5. d4 exd4 6. Nxd4 Ne5 7. Be2 d5 8.
Nf5 Bxf5 9. exf5 d4 10. Nb5 c5 11. c3 a6 12. Bf4 Nfd7 13. Na3 dxc3 14. bxc3 Qa5
15. Qc1 b5 16. O-O c4 17. Rd1 Qxa3 18. Qxa3 Bxa3 19. Bxe5 Nxe5 20. Rd5 f6 21.
Rad1 O-O 22. f4 Nf7 23. Bf3 Rad8 24. g4 Rd6 25. h4 Rfd8 26. g5 Kf8 27. Bh5 Rxd5
28. Rxd5 Rxd5 29. Bxf7 Kxf7 30. h5 Rxf5 31. g6+ hxg6 32. hxg6+ Kxg6 33. Kg2
Rxf4 34. Kg3 Kg5 0-1

[Event "Rentree - Hull U1500"]
[Site "Gatineau CAN"]
[Date "2018.10.09"]
[Round "5"]
[White "Ethier, Valori"]
[Black "Iyamuremye, Gervais"]
[Result "1/2-1/2"]
[WhiteElo "1364"]
[BlackElo "1475"]
[PlyCount "65"]
[EventDate "2018.09.11"]
[EventType "swiss"]
[EventRounds "5"]
[EventCountry "CAN"]

1. f4 Nf6 2. b3 e6 3. Bb2 Be7 4. Nf3 b6 5. e3 Bb7 6. Be2 O-O 7. O-O a5 8. a4 d5
9. Ne5 Nfd7 10. d3 Nxe5 11. Bxe5 Nd7 12. Bb2 Bf6 13. Qc1 c5 14. Nd2 Bxb2 15.
Qxb2 Qf6 16. Qc1 e5 17. fxe5 Qxe5 18. Nf3 Qe7 19. Qd2 Ne5 20. Nxe5 Qxe5 21. Bf3
Rab8 22. Rae1 d4 23. Bxb7 Rxb7 24. Qf2 dxe3 25. Rxe3 Qd6 26. Qf3 Re7 27. Rfe1
Rxe3 28. Rxe3 Qd4 29. Kf1 g6 30. Re7 Qa1+ 31. Kf2 Qd4+ 32. Kf1 Qa1+ 33. Kf2
1/2-1/2